| 000 | 01331nam a22002177a 4500 | ||
|---|---|---|---|
| 999 |
_c59875 _d59875 |
||
| 003 | Ge_BSU | ||
| 005 | 20230504100103.0 | ||
| 008 | 230504s2009 ge ||||| |||| 00| 0 geo d | ||
| 020 | _a9789941912009 | ||
| 041 | _ageo | ||
| 080 | _a27-564 ს-32 | ||
| 245 |
_aსაქართველოს ეკლესიის კალენდარი 2010=სათვეო კალენდარი=წმ. გრიგოლ ნოსელი "შესაქმისათვის კაცისა" (ქართული თარგმანები) / _cსაქართველოს საპატრიარქო; შემდგენელი მღვ. თეიმურაზ ბარაბაძე. |
||
| 264 |
_aთბილისი, _c2009. |
||
| 300 |
_a327 გვ. ; _b21 სმ. |
||
| 500 | _aდაიბეჭდა საქველმოქმოქმედო ორგანიზაცია "სინერგიის" ფინანსური მხარდაჭერით | ||
| 653 | _aრელიგია | ||
| 653 | _aკალენდარი 2010 | ||
| 700 |
_aბარაბაძე, თეიმურაზ _eშემდგენელი _917942 |
||
| 710 |
_aსაქართველოს საპატრიარქო _917943 |
||
| 942 |
_2udc _cBK |
||